| 000 | 00883nas a2200253Ia 4500 | ||
|---|---|---|---|
| 001 | R701/49167 | ||
| 003 | IT-RoPAU | ||
| 008 | 151124c99999999xx |||||||||||| ||und|| | ||
| 040 | _aIT-RoPAU | ||
| 040 | _cIT-RoPAU | ||
| 041 | _aITALIANO | ||
| 100 |
_aMagli Patrizia _gCodice Aut. SPICS: 4349 |
||
| 210 | _aCARTE SEMIOTICHE | ||
| 222 | _aCarte Semiotiche | ||
| 245 |
_aCARTE SEMIOTICHE, N.00 (OTTOBRE 1984) _bCorrispondenze, Coesione Testuale, Decostruzione A Urbino |
||
| 250 | _a1a ed. | ||
| 260 |
_aFIRENZE _bLA CASA USHER _c1984 |
||
| 501 |
_bPaulus - SPICS - Società San Paolo EM (non-commercial uses only) _cCopyright2015 |
||
| 300 | _a6 p. [127-132] | ||
| 362 | _aANNO 001, N.00 (OTTOBRE 1984) | ||
| 500 | _aRiflesioni Sui Tre Convegni Tenuti a Urbino Durante i Corsi di Semiotica nel Luglio 1984. | ||
| 650 |
_aSEMIOTICA _vPUBBLICAZIONE PERIODICA |
||
| 942 | _cCR | ||
| 999 |
_c108764 _d108764 |
||